ნორმალური ფორმატი
MARC ფორმატი
ჩანაწერი Personal Name
ჩანაწერთა რაოდენობა, რომელიც გამოყენებულია: 1
001 - CONTROL NUMBER
- control field: 18033
003 - CONTROL NUMBER IDENTIFIER
- control field: GE_BSU
005 - DATE AND TIME OF LATEST TRANSACTION
- control field: 20230508163435.0
008 - FIXED-LENGTH DATA ELEMENTS
- fixed length control field: 230508|| aca||aabn | a|a d
040 ## - CATALOGING SOURCE
- Original cataloging agency: GE_BSU
- Transcribing agency: GE_BSU
100 ## - HEADING--PERSONAL NAME
- Personal name: ფაცია, დავით
670 ## - SOURCE DATA FOUND
- Source citation: Work cat.: (GE_BSU): ფაცია, დავით, ჯალალ ად-დინ მანკბურნის ქართული მონეტები = The georgian coins of Jalal Ad-Din Mankburni /
